Sports Quiz

Random Sports or WWE Quiz

Wins against Stone Cold Steve Austin Quiz Stats

 Plays Quiz not verified by Sporcle

Challenge
Share
Tweet
Embed
Score 0/45 Timer 10:00
0 Plays Today
Wins Wrestler % Correct
3The Rock
99.1%
12The Undertaker
96.7%
3Triple H
96.7%
6Kane
93.9%
6Bret Hart
87.5%
2Vince McMahon
87.2%
1Shane McMahon
85.8%
1Shawn Michaels
85.5%
6Mick Foley
84.8%
2Owen Hart
84.6%
7Kurt Angle
82.4%
9Chris Jericho
77.9%
1Big Show
71.5%
1Hulk Hogan
64%
3Chris Benoit
63.7%
1Billy Gunn
62.6%
1X-Pac
59.8%
3Booker T
57.5%
1Kevin Nash
56.4%
1Scott Hall
54.4%
3Savio Vega
49.9%
1Jeff Hardy
49.4%
1Matt Hardy
49.1%
Wins Wrestler % Correct
1Rikishi
48.2%
2Road Dogg
47.2%
1D Von Dudley
46%
1Spike Dudley
45.8%
1Buh Bah Ray Dudley
45.3%
2British Bulldog
44.6%
1Rob Van Dam
44.2%
1Goldust
43.9%
1Brian Pillman
41.9%
1Big Bossman
41.7%
1Vader
39.2%
1Jim Neidhart
31.7%
1Marc Mero
29.1%
1Diamond Dallas Page
27.2%
1Ahmed Johnson
26.9%
1Mideon
22.5%
1Animal
22.5%
1Hawk
22.3%
1Rhyno
22%
3William Regal
21.9%
1Henry O Godwinn
12.8%
1Lita
10.2%

You're not logged in!

Compare scores with friends on all Sporcle quizzes.
OR
Log In

You Might Also Like...

Show Comments

Extras

Top Quizzes Today


Score Distribution

Your Account Isn't Verified!

In order to create a playlist on Sporcle, you need to verify the email address you used during registration. Go to your Sporcle Settings to finish the process.

Report this User

Report this user for behavior that violates our Community Guidelines.

Details: